000 00461nam a2200169Ia 4500
003 GCL
008 140319s9999 xx 000 0 eng d
040 _aGCL /
_cGCL
082 0 4 _a640.7
_bE T
100 1 _aELECK, HENRIETTA
245 1 0 _aTouard Better Teaching of Home economics. /
_cELECK, HENRIETTA
260 _a[S.N] :
_bMACMILLAN PUBBISHING CO ،
_c1980
300 _a517
650 0 4 _aHOME ECONOMICS
650 0 4 _aSTUDY AND TEACHING
942 _2ddc
_cBK
999 _c17293
_d17293